World of Crafts : (Record no. 6700)

MARC details
000 -LEADER
fixed length control field 00521nam a22001697a 4500
003 - CONTROL NUMBER IDENTIFIER
control field OSt
005 - DATE AND TIME OF LATEST TRANSACTION
control field 20251202100947.0
008 - FIXED-LENGTH DATA ELEMENTS--GENERAL INFORMATION
fixed length control field 251202b |||||||| |||| 00| 0 eng d
020 ## - INTERNATIONAL STANDARD BOOK NUMBER
International Standard Book Number 1-85737-032-5
040 ## - CATALOGING SOURCE
Original cataloging agency DWCL - Main Library
Transcribing agency OC
082 ## - DEWEY DECIMAL CLASSIFICATION NUMBER
Classification number GR. 700 M552 1993
Item number
100 ## - MAIN ENTRY--PERSONAL NAME
Personal name Kingsley-Smith, Heather
245 ## - TITLE STATEMENT
Title World of Crafts :
Remainder of title Merlion Arts Library /
Statement of responsibility, etc. Heather Kingsley-Smith
260 ## - PUBLICATION, DISTRIBUTION, ETC.
Name of publisher, distributor, etc. Merlion Publishing Ltd.,
Date of publication, distribution, etc. c1993
300 ## - PHYSICAL DESCRIPTION
Extent 192 pages:
Other physical details colored illustration;
Dimensions 28 cm.
942 ## - ADDED ENTRY ELEMENTS (KOHA)
Source of classification or shelving scheme Dewey Decimal Classification
Koha item type General Reference
Call number suffix GR.
Suppress in OPAC No
952 ## - LOCATION AND ITEM INFORMATION (KOHA)
--
Holdings
Withdrawn status Lost status Source of classification or shelving scheme Damaged status Not for loan Home library Current library Shelving location Date acquired Source of acquisition Total Checkouts Full call number Barcode Date last seen Price effective from Koha item type Uniform Resource Identifier
    Dewey Decimal Classification     Junior High School Library Junior High School Library General Reference 12/02/2022 Library Fund   GR. 700 M552 1993 21012 12/02/2025 12/02/2025 GR